| 000 | 00767nam a2200253 i 4500 | ||
|---|---|---|---|
| 001 | bg | ||
| 100 | 1 | _aKOŹLUK, Tadeusz | |
| 245 | 1 | 0 |
_aPowrót do Itaki : _beseje polityczne (wybór) / _cTadeusz Koźluk. |
| 260 |
_aWarszawa : _bWydaw. Prywatnej Wyższej Szkoły Businessu i Administracji, _c1995. |
||
| 300 |
_a158 , [2] s. ; _c21 cm. |
||
| 600 | 1 | 9 | _aKoźluk, Tadeusz |
| 650 | 9 |
_aPublicystyka polska _yod 1989 r. |
|
| 651 | 9 |
_aPolska _xpolityka _yod 1980 r. |
|
| 651 | 9 |
_aPolska _xpolityka wewnętrzna _yod 1980 r. |
|
| 655 | _aszkice | ||
| 655 | _apublicystyka | ||
| 020 | _a8386031395 | ||
| 040 | _cBPK | ||
| 041 | 0 | _apol | |
| 080 | _a323(438)"1980/..."(047.53) | ||
| 920 | _a83-86031-39-5 | ||
| 942 | _cKS | ||
| 008 | s pl f |000 0 pol | ||
| 999 |
_c51574 _d51574 |
||
| 856 |
_uhttp://koha.tu.koszalin.pl/cgi-bin/koha/opac-detail.pl?biblionumber=51574 _yKatalog online BPK |
||